| 000 | 00445nam a22001697a 4500 | ||
|---|---|---|---|
| 003 | PILC | ||
| 005 | 20150826083510.0 | ||
| 008 | 150826b xxu||||| |||| 00| 0 eng d | ||
| 020 | _a0340057394 | ||
| 050 |
_aZ 49 _b.T991 1970 |
||
| 245 | _aTypewriting / | ||
| 260 |
_aLondon : _bTeach Yourself Books, _c1970. |
||
| 300 |
_aviii, 226 pages : _billustrations ; _c18 cm. |
||
| 500 | _aIncludes index. | ||
| 650 | _aTypewriting. | ||
| 942 |
_2lcc _cBK |
||
| 999 |
_c288494 _d288494 |
||